Responses for show #7826 - Monday, September 24, 2018

Contestants

Nancy Schoppa, a retired high school teacher from Saint Jo, Texas

William Benson, a psychologist from New York, New York

Rob Salerno, a writer-actor from Los Angeles, California (whose 1-day cash winnings total $22,100)

Jeopardy! Round responses

GALAPAGOS: PLANTS & ANIMALS
THE COMPANY CAR
IT CAN'T GET MUCH WORSE
FASHION FROM HEAD TO TOE
WORDS FROM THE COMICS
IN THE "FOR" CAST
    $200 26
oxygen

William
    $200 21
Toyota

William
    $200 16
the Great Fire of London

William
    $200 11
a bun

Rob
    $200 1
kryptonite

William
    $200 2
Forrest Gump

Rob
    $400 27
nocturnal

Rob
    $400 22
Audi

William
    $400 17
Sicily

Nancy
    $400 12
(William: What is a dolphin mustache?)

a walrus

RobWilliam
    $400 3
[Nancy rings in and does not say anything.]
(Alex: Oh, you're drawing a blank.)
(Nancy: Yep.)

Buster Brown

Nancy
Triple Stumper
    $400 7
Unforgiven

Rob
    $600 28
sugar cane

Nancy
    $600 23
Nissan

William
    $600 18
the Yellow River

William
    $600 13
a turtleneck

Nancy
    $600 4
Daddy Warbucks

Rob
    $600 8
Forgetting Sarah Marshall

Rob
    $1,200 29
(Nancy: What's a gull?)

the albatross

Nancy
    $800 24
(William: What is Hyundai?)

Honda

William
Triple Stumper
    $800 19
coal mining

Nancy
    $800 14
fishnet

Nancy
    $800 5
sad sack

Triple Stumper
    $800 9
V for Vendetta

Rob
    $1000 30
(Rob: What is moss?)

succulents

Rob
Triple Stumper
    $1000 25
(Alex: [Before Nancy selects the next clue] Now, as we get into this category, I want you to know that you get to join me for each of the clues on these fascinating islands.)

a Mitsubishi

Nancy
    $1000 20
Hugo

Triple Stumper
    $1000 15
penny loafers

William
    $1000 6
Li'l Abner

Nancy
    $1000 10
(Alex: James Bond film. [*].)

Diamonds Are Forever

Triple Stumper

Scores at the first commercial break (after clue 15):

Rob William Nancy
$3,200 $800 $2,000

Scores at the end of the Jeopardy! Round:

Rob William Nancy
$2,600 $2,200 $3,600

Double Jeopardy! Round responses

poetry
RIVER WORDS
"IN", THE MIDDLE
(Alex: Those letters, "I-N", will come up exactly in the middle of each correct response.)
GOVERNMENT & POLITICS
PAINTED LADIES
I'M A HUGE FAN!
    $400 2
shift

William
    $400 19
a plain

Rob
    $400 1
a mint

Nancy
    $400 15
Speaker

Nancy
    $400 16
Whistler

Nancy
    $400 18
Phantom of the Opera

Rob
    $800 7
ee cummings

William
    $800 20
the Missouri

William
    $800 3
hint

William
    $800 14
the CIA

William
    $800 17
Degas

Rob
    $800 21
(Alex: With less than a minute.)

KISS

Nancy
    $1200 8
(Allen) Ginsberg

William
    $1200 4
(William: What is shrink?)

flinch or cringe

William
Triple Stumper
    $4,200 11
patents

William
    $1200 25
[The end-of-round signal sounds.]

Alfred, Lord Tennyson

Triple Stumper
    $1200 22
Laurel and Hardy

Triple Stumper
    $1600 9
magnetic

Triple Stumper
    $1600 5
(Alex: The European mountain range is the Alps. It's [*].)

an alpinist

Triple Stumper
    $1600 12
(William: What is promissory?)
(Nancy: What's a Treasury note?)

Federal Reserve note

WilliamNancy
Triple Stumper
    $1600 23
Parakeets

Nancy
    $2000 10
Rupi Kaur

Triple Stumper
    $2000 6
Latinate

Triple Stumper
    $2000 13
a October surprise

Rob
    $2,000 24
Jaws

Nancy

Scores at the end of the Double Jeopardy! Round:

Rob William Nancy
$6,200 $8,400 $7,600

[wagering suggestions for these scores]

Final Jeopardy! Round responses

BRITISH ROYALTY
(Alex: You had to think about Queen Victoria.)
...
(Alex: [To William] It was [*], the son of Queen Victoria.)
RobWho is King George Edward VI?
$6,195
NancyWho George IV?
$4,000
WilliamWho is Edward VIII
$7,601
Edward VII

Final scores:

Rob William Nancy
$5 $799 $3,600
3rd place: $1,000 2nd place: $2,000 New champion: $3,600

Game dynamics:

Coryat scores:

Rob William Nancy
$6,200 $5,400 $8,800
12 R,
1 W
15 R
(including 1 DD),
4 W
13 R
(including 1 DD),
3 W
(including 1 DD)

Combined Coryat: $20,400

The J! Archive is created by fans, for fans. The Jeopardy! game show and all elements thereof, including but not limited to copyright and trademark thereto, are the property of Jeopardy Productions, Inc. and are protected under law. This website is not affiliated with, sponsored by, or operated by Jeopardy Productions, Inc. Join the discussion at JBoard.tv.